000 00671cab a2200205 4500
001 WB2339-19
008 090401t1987 xxu||||| |||| 00| 0 eng d
035 _a(Sirsi) u12666
041 _aeng
245 _aMini corporations in the pipeline
260 _c1987
350 _a0
490 _aFinancial Times
_v28/9/87 p10
520 _aReviews government plans to set up a new version of urban development corporations to aid inner city revival. The number and sites for the new mini or cashless corporations have yet to be decided.
650 _aINNER CITIES
650 _aJOB CREATION
690 _aPLANNING LAW AND PRACTICE
942 _n0
948 _c04/03/1997
999 _c8104
_d8104